[Event "RUS-ch Higher League (Women) 69th"]
[Site "Yaroslavl"]
[Date "2019.07.05"]
[Round "8"]
[White "Chkhan, Viktoria"]
[Black "Dimitrova, Aleksandra"]
[Result "0-1"]
[WhiteElo "2141"]
[BlackElo "2273"]
[PlyCount "110"]
[EventDate "2019.06.27"]
[EventType "swiss"]
[EventRounds "9"]
[EventCountry "RUS"]
[SourceTitle "CBM 191 Extra"]
[Source "ChessBase"]
[SourceDate "2019.09.30"]
[SourceVersion "1"]
[SourceVersionDate "2019.09.30"]
[SourceQuality "1"]

1. d4 Nf6 2. c4 e6 3. Nf3 b6 4. a3 Ba6 5. Qc2 Bb7 6. Nc3 c5 7. dxc5 Bxc5 8. Bf4 Nh5 9. Bg5 Qc8 10. e3 h6 11. Bh4 a6 12. Be2 g5 13. Bg3 Nxg3 14. hxg3 Be7 15. Na4 Qc6 16. Rh2 d6 17. Nd4 Qc7 18. Bh5 Kf8 19. Nxb6 Ra7 20. Na4 Nd7 21. Bg4 Qa5+ 22. Qc3 Qe5 23. 0-0-0 Kg7 24. f4 Qf6 25. Ne2 Bc6 26. Qc2 Rc7 27. Nac3 Ba8 28. Bf3 Rxc4 29. Bxa8 Rxa8 30. Rdh1 Rh8 31. Qd3 d5 32. Kb1 Nc5 33. Qd2 Qg6+ 34. Ka2 Nd3 35. Nc1 Nc5 36. Rf1 Bf6 37. N1e2 Qd3 38. Rd1 Qxd2 39. Rxd2 Rb8 40. Rh1 Ne4 41. Rc2 Bxc3 42. bxc3 Rb5 43. Rb1 Ra5 44. Rb3 Rca4 45. Nc1 Nxg3 46. fxg5 hxg5 47. Kb2 Re4 48. Rf2 Rxe3 49. Rb7 Rb5+ 50. Rxb5 axb5 51. Nb3 Ne2 52. Rf3 Nxc3 53. Rxe3 Nd1+ 54. Kc1 Nxe3 55. Nd4 Nxg2 0-1

[Event "RUS-ch Higher League (Women) 69th"]
[Site "Yaroslavl"]
[Date "2019.07.04"]
[Round "7"]
[White "Chkhan, Viktoria"]
[Black "Belenkaya, Dina"]
[Result "1-0"]
[WhiteElo "2141"]
[BlackElo "2321"]
[PlyCount "109"]
[EventDate "2019.06.27"]
[EventType "swiss"]
[EventRounds "9"]
[EventCountry "RUS"]
[SourceTitle "CBM 191 Extra"]
[Source "ChessBase"]
[SourceDate "2019.09.30"]
[SourceVersion "1"]
[SourceVersionDate "2019.09.30"]
[SourceQuality "1"]

1. d4 d5 2. c4 dxc4 3. e3 Nf6 4. Bxc4 e6 5. Nf3 a6 6. 0-0 c5 7. Bb3 b5 8. a4 b4 9. Nbd2 Bb7 10. e4 cxd4 11. e5 Ne4 12. Nxe4 Bxe4 13. Bg5 Be7 14. Bxe7 Qxe7 15. Nd2 Bc6 16. Nc4 0-0 17. Qxd4 Rd8 18. Qe3 Nd7 19. Rac1 a5 20. Rfd1 Bd5 21. f4 Nc5 22. Nd2 Bxb3 23. Nxb3 Nxa4 24. Qf2 h6 25. h3 Qe8 26. Nc5 Qb5 27. Ne4 Rxd1+ 28. Rxd1 b3 29. Nd6 Qc5 30. Qxc5 Nxc5 31. Kf2 f6 32. Ke3 fxe5 33. fxe5 a4 34. Nc4 Kf7 35. Kd4 Nd7 36. Kc3 Ke7 37. Rxd7+ Kxd7 38. Nb6+ Kc6 39. Nxa8 Kb7 40. Kb4 Kxa8 41. Kxa4 Kb7 42. Kxb3 Kc6 43. Kc4 Kb6 44. g4 Kc6 45. h4 g6 46. h5 gxh5 47. gxh5 Kb6 48. b4 Kc6 49. b5+ Kb6 50. Kb4 Kb7 51. Kc5 Kc7 52. b6+ Kd7 53. Kb5 Kc8 54. Kc6 Kb8 55. b7 1-0

[Event "RUS-ch Higher League (Women) 66th"]
[Site "Kolomna"]
[Date "2016.06.28"]
[Round "6"]
[White "Zelenskaya, Anastasiya"]
[Black "Chkhan, Viktoria"]
[Result "0-1"]
[WhiteElo "1662"]
[BlackElo "2164"]
[PlyCount "64"]
[EventDate "2016.06.22"]
[EventType "swiss"]
[EventRounds "9"]
[EventCountry "RUS"]
[SourceTitle "CBM 173 Extra"]
[Source "ChessBase"]
[SourceDate "2016.08.29"]
[SourceVersion "1"]
[SourceVersionDate "2016.08.29"]
[SourceQuality "1"]

1. e4 e6 2. d4 d5 3. e5 c5 4. c3 Nc6 5. Nf3 Bd7 6. Bd3 cxd4 7. cxd4 Qb6 8. Be2 Nge7 9. Nc3 Nf5 10. Be3 Qxb2 11. Nb5 Nxe3 12. fxe3 Qb4+ 13. Kf2 Qa5 14. g4 Be7 15. Rg1 0-0 16. Qf1 a6 17. Nd6 f6 18. Nxb7 Qc7 19. exf6 Rxf6 20. Nc5 Bxc5 21. dxc5 d4 22. Qh3 Ne5 23. exd4 Nxf3 24. Bxf3 Bc6 25. Rae1 Rxf3+ 26. Qxf3 Bxf3 27. Kxf3 Rf8+ 28. Kg2 Qc6+ 29. Kh3 Rf4 30. Rd1 Qd5 31. Rc1 Qxd4 32. Rg3 Rxg4 0-1

[Event "World Amateur-ch U2300"]
[Site "Chalkidiki"]
[Date "2016.04.26"]
[Round "8"]
[White "Chkhan, Viktoria"]
[Black "Papasimakopoulos, Alexandros"]
[Result "0-1"]
[WhiteElo "2156"]
[BlackElo "2182"]
[PlyCount "78"]
[EventDate "2016.04.19"]
[EventType "swiss"]
[EventRounds "9"]
[EventCountry "GRE"]
[SourceTitle "CBM 172 Extra"]
[Source "ChessBase"]
[SourceDate "2016.06.21"]
[SourceVersion "1"]
[SourceVersionDate "2016.06.21"]
[SourceQuality "1"]

1. d4 Nf6 2. c4 Nc6 3. Nf3 e6 4. a3 d6 5. Nc3 g6 6. e4 Bg7 7. Be2 0-0 8. 0-0 Re8 9. Be3 e5 10. d5 Nd4 11. Ne1 c5 12. dxc6 bxc6 13. Nd3 Be6 14. Nb4 a5 15. Nc2 c5 16. Bg5 Rb8 17. Rb1 Rb7 18. Nb5 Qb8 19. Bxf6 Bxf6 20. a4 Bg7 21. Qd2 Qd8 22. Bd3 f5 23. Ncxd4 cxd4 24. b4 axb4 25. Qxb4 Bf8 26. Qd2 Rb8 27. Ra1 fxe4 28. Bxe4 Bxc4 29. Rfb1 d5 30. Bd3 Bg7 31. a5 e4 32. Bxc4 dxc4 33. a6 c3 34. Qa2+ Kh8 35. a7 Ra8 36. Qa4 d3 37. Rf1 c2 38. Ra2 Qd7 39. Qb3 Rec8 0-1

[Event "World Amateur-ch U2300"]
[Site "Chalkidiki"]
[Date "2016.04.23"]
[Round "5"]
[White "Chkhan, Viktoria"]
[Black "Papadimitriou, Loukas"]
[Result "1/2-1/2"]
[WhiteElo "2156"]
[BlackElo "2085"]
[PlyCount "78"]
[EventDate "2016.04.19"]
[EventType "swiss"]
[EventRounds "9"]
[EventCountry "GRE"]
[SourceTitle "CBM 172 Extra"]
[Source "ChessBase"]
[SourceDate "2016.06.21"]
[SourceVersion "1"]
[SourceVersionDate "2016.06.21"]
[SourceQuality "1"]

1. d4 Nf6 2. c4 e6 3. Nf3 Nc6 4. Nc3 Bb4 5. Qc2 0-0 6. e3 d6 7. Bd2 Qe7 8. a3 Bxc3 9. Bxc3 a5 10. Be2 e5 11. 0-0 Bg4 12. d5 Nb8 13. Ne1 Bxe2 14. Qxe2 Nbd7 15. e4 Nc5 16. f3 a4 17. Nc2 Nh5 18. g3 g6 19. Rae1 Rae8 20. Ne3 Qd7 21. Ng2 Qh3 22. Qd2 Nf6 23. Nh4 Kh8 24. Qh6 Qd7 25. Nf5 Nh5 26. Nh4 Kg8 27. Re2 f6 28. Ng2 b5 29. cxb5 Qxb5 30. Ree1 Nd3 31. Rd1 Nxb2 32. Rb1 Qc5+ 33. Qe3 Nc4 34. Qxc5 dxc5 35. Rb7 Rf7 36. Rc1 Nd6 37. Ra7 c6 38. Rxa4 cxd5 39. exd5 e4 1/2-1/2

[Event "World Amateur-ch U2300"]
[Site "Chalkidiki"]
[Date "2016.04.20"]
[Round "2"]
[White "Damia, Angelo"]
[Black "Chkhan, Viktoria"]
[Result "1-0"]
[WhiteElo "2268"]
[BlackElo "2156"]
[PlyCount "59"]
[EventDate "2016.04.19"]
[EventType "swiss"]
[EventRounds "9"]
[EventCountry "GRE"]
[SourceTitle "CBM 172 Extra"]
[Source "ChessBase"]
[SourceDate "2016.06.21"]
[SourceVersion "1"]
[SourceVersionDate "2016.06.21"]
[SourceQuality "1"]

1. e4 e6 2. d4 d5 3. Bd3 c5 4. exd5 Qxd5 5. Nc3 Qd8 6. Nf3 Nf6 7. Be3 cxd4 8. Nxd4 Be7 9. Qf3 Nbd7 10. Qg3 0-0 11. 0-0-0 a6 12. Nb3 e5 13. Bf5 Qc7 14. Bg5 Nb6 15. Bd3 Nh5 16. Qh4 Bxg5+ 17. Qxg5 Nf6 18. Rhe1 Re8 19. Re3 h6 20. Qh4 Ng4 21. Rg3 Qe7 22. Rxg4 Bxg4 23. Qxg4 Rac8 24. Qe4 g6 25. Qe3 Rc6 26. Be4 Rf6 27. f3 Kg7 28. Qc5 Re6 29. Qxe7 R6xe7 30. Na5 1-0

[Event "RUS-ch Higher League (Women) 65th"]
[Site "Kaliningrad"]
[Date "2015.07.01"]
[Round "9"]
[White "Maltsevskaya, Aleksandra"]
[Black "Chkhan, Viktoria"]
[Result "0-1"]
[WhiteElo "2129"]
[BlackElo "2148"]
[PlyCount "117"]
[EventDate "2015.06.22"]
[EventType "swiss"]
[EventRounds "9"]
[EventCountry "RUS"]
[SourceTitle "CBM 167 Extra"]
[Source "ChessBase"]
[SourceDate "2015.09.14"]
[SourceVersion "1"]
[SourceVersionDate "2015.09.14"]
[SourceQuality "1"]

1. e4 e6 2. d4 d5 3. Nc3 Bb4 4. e5 c5 5. Bd2 Nh6 6. Nb5 Bxd2+ 7. Qxd2 0-0 8. f4 Nc6 9. Nf3 f6 10. 0-0-0 a6 11. Nd6 cxd4 12. Nxc8 Rxc8 13. Bd3 fxe5 14. fxe5 Nf7 15. Rhe1 Qe7 16. Kb1 Rc7 17. g4 Rfc8 18. g5 g6 19. h4 Nh8 20. h5 Qg7 21. Rh1 Rf7 22. Qe2 Rcc7 23. a3 Kf8 24. Rh3 Qg8 25. Rdh1 Rg7 26. Nh2 gxh5 27. Rxh5 Rxg5 28. Rxg5 Qxg5 29. Nf3 Qe3 30. Qh2 Rf7 31. Nh4 Qxe5 32. Qh3 Ke7 33. Bxh7 Rf6 34. Bd3 Kd6 35. Qg4 Nf7 36. Ng6 Qg5 37. Qe2 Rxg6 38. Bxg6 Qxg6 39. Qf2 Qf5 40. Qg3+ Nfe5 41. Qg7 Qf7 42. Qh8 Kc5 43. Ka2 a5 44. Rh2 Kb6 45. Rh7 Ng6 46. Qxd4+ Nxd4 47. Rxf7 Ne2 48. Rf6 Ngf4 49. c3 a4 50. Kb1 Kc5 51. Kc2 e5 52. Kd2 Ng3 53. Rf7 Ne4+ 54. Ke3 Nd6 55. Rc7+ Kb6 56. Rd7 Nc4+ 57. Kf3 Nxb2 58. Re7 Nc4 59. Re8 0-1

[Event "RUS-ch Higher League (Women) 65th"]
[Site "Kaliningrad"]
[Date "2015.06.29"]
[Round "7"]
[White "Vasilevich, Tatjana"]
[Black "Chkhan, Viktoria"]
[Result "1/2-1/2"]
[WhiteElo "2397"]
[BlackElo "2148"]
[PlyCount "77"]
[EventDate "2015.06.22"]
[EventType "swiss"]
[EventRounds "9"]
[EventCountry "RUS"]
[SourceTitle "CBM 167 Extra"]
[Source "ChessBase"]
[SourceDate "2015.09.14"]
[SourceVersion "1"]
[SourceVersionDate "2015.09.14"]
[SourceQuality "1"]

1. d4 Nf6 2. Nf3 c5 3. d5 b5 4. Bg5 Ne4 5. Bf4 Bb7 6. Qd3 f5 7. b3 Qa5+ 8. Nfd2 c4 9. Qd4 Na6 10. c3 Qb6 11. Qxb6 axb6 12. bxc4 Nac5 13. cxb5 Bxd5 14. a3 Ne6 15. Be3 N4c5 16. c4 Bb7 17. f3 g6 18. Bf2 Bg7 19. Ra2 0-0 20. e3 d6 21. Be2 Ra7 22. 0-0 Rfa8 23. Rc1 Kf8 24. Be1 f4 25. e4 Nd4 26. Kf1 g5 27. Bf2 Be5 28. Ke1 Kf7 29. Rd1 Nde6 30. Nf1 Ra4 31. Rc2 g4 32. Ra2 gxf3 33. gxf3 Rg8 34. Rdd2 h5 35. Rd1 Rga8 36. Rdd2 Rg8 37. Rd1 Rga8 38. Rdd2 Rg8 39. Rd1 1/2-1/2

[Event "RUS-ch Higher League (Women) 65th"]
[Site "Kaliningrad"]
[Date "2015.06.23"]
[Round "2"]
[White "Chkhan, Viktoria"]
[Black "Makarenko, Alexandra"]
[Result "1-0"]
[WhiteElo "2148"]
[BlackElo "2262"]
[PlyCount "71"]
[EventDate "2015.06.22"]
[EventType "swiss"]
[EventRounds "9"]
[EventCountry "RUS"]
[SourceTitle "EXT 2017"]
[Source "ChessBase"]
[SourceDate "2016.10.25"]
[SourceVersion "1"]
[SourceVersionDate "2016.10.25"]
[SourceQuality "1"]

1. d4 Nf6 2. c4 c5 3. d5 g6 4. Nc3 d6 5. e4 Bg7 6. Bd3 0-0 7. f4 e6 8. Nf3 exd5 9. cxd5 b5 10. 0-0 c4 11. Bc2 b4 12. Na4 Re8 13. Re1 Bg4 14. h3 Bxf3 15. Qxf3 Nbd7 16. Be3 Qa5 17. Bd4 Nxd5 18. Bxg7 Kxg7 19. Red1 N5b6 20. Rxd6 Rad8 21. Qd1 Nxa4 22. Bxa4 Nf6 23. e5 Ne4 24. Qd4 Ng3 25. e6+ Kh6 26. Qe5 Ne2+ 27. Kh2 Qxa4 28. Qg5+ Kg7 29. Rxd8 Rxe6 30. f5 Rf6 31. fxg6 Qc6 32. gxh7+ Kxh7 33. Qh5+ Kg7 34. Qh8+ Kg6 35. Rg8+ Kf5 36. Qh5+ 1-0

[Event "RUS-ch Higher League (Women) 65th"]
[Site "Kaliningrad"]
[Date "2015.06.22"]
[Round "1"]
[White "Voit, Daria"]
[Black "Chkhan, Viktoria"]
[Result "1-0"]
[WhiteElo "2351"]
[BlackElo "2148"]
[PlyCount "61"]
[EventDate "2015.06.22"]
[EventType "swiss"]
[EventRounds "9"]
[EventCountry "RUS"]
[SourceTitle "CBM 167 Extra"]
[Source "ChessBase"]
[SourceDate "2015.09.14"]
[SourceVersion "1"]
[SourceVersionDate "2015.09.14"]
[SourceQuality "1"]

1. Nf3 Nf6 2. c4 c5 3. g3 Nc6 4. Nc3 d5 5. cxd5 Nxd5 6. Bg2 Nc7 7. Qa4 Bd7 8. Qf4 Ne6 9. Qe4 g6 10. h4 h5 11. Ne5 Nxe5 12. Qxe5 Bg7 13. Qd5 Rb8 14. 0-0 Qc7 15. Qb3 Nd4 16. Qd1 g5 17. e3 Nf5 18. Nd5 Qd6 19. e4 Nd4 20. hxg5 h4 21. d3 hxg3 22. Bf4 Be5 23. fxg3 Ne6 24. Bxe5 Qxe5 25. Qf3 Nxg5 26. Qf4 Qxf4 27. gxf4 Nh3+ 28. Bxh3 Rxh3 29. Kg2 Be6 30. Nc7+ Kd7 31. Nxe6 1-0

[Event "RUS-ch Higher League (Women) 64th"]
[Site "Vladivostok"]
[Date "2014.06.11"]
[Round "7"]
[White "Ambartsumova, Karina"]
[Black "Chkhan, Viktoria"]
[Result "1-0"]
[WhiteElo "2331"]
[BlackElo "2050"]
[PlyCount "73"]
[EventDate "2014.06.04"]
[EventType "swiss"]
[EventRounds "9"]
[EventCountry "RUS"]
[SourceTitle "CBM 160 Extra"]
[Source "ChessBase"]
[SourceDate "2014.07.01"]
[SourceVersion "1"]
[SourceVersionDate "2014.07.01"]
[SourceQuality "1"]

1. e4 e6 2. d4 d5 3. Nc3 Nf6 4. e5 Nfd7 5. Nce2 c5 6. c3 Nc6 7. Nf3 Qc7 8. a3 Be7 9. Nf4 c4 10. h4 Nb6 11. Ng5 Bxg5 12. hxg5 Bd7 13. g6 fxg6 14. Nxg6 Rg8 15. Rxh7 0-0-0 16. Bg5 Rde8 17. Be2 Kb8 18. Bh5 Nc8 19. b4 cxb3 20. Qxb3 Na5 21. Qb4 Nc6 22. Qb2 Na5 23. a4 Nc4 24. Qb3 a6 25. Be2 Na7 26. Bxc4 dxc4 27. Qb4 Bc6 28. f3 Qf7 29. Ne7 Rh8 30. Rxh8 Rxh8 31. Kf2 Qh5 32. Rb1 Qe8 33. Qd6+ Ka8 34. Qxe6 Nc8 35. Qxc8+ Qxc8 36. Nxc8 Rxc8 37. a5 1-0

[Event "RUS-ch Higher League (Women) 64th"]
[Site "Vladivostok"]
[Date "2014.06.07"]
[Round "4"]
[White "Kostitsina, Liubov"]
[Black "Chkhan, Viktoria"]
[Result "1-0"]
[WhiteElo "2101"]
[BlackElo "2050"]
[PlyCount "61"]
[EventDate "2014.06.04"]
[EventType "swiss"]
[EventRounds "9"]
[EventCountry "RUS"]
[SourceTitle "CBM 160 Extra"]
[Source "ChessBase"]
[SourceDate "2014.07.01"]
[SourceVersion "1"]
[SourceVersionDate "2014.07.01"]
[SourceQuality "1"]

1. e4 d6 2. d4 Nf6 3. Nc3 g6 4. Be3 Bg7 5. f3 c6 6. Qd2 Qa5 7. Nge2 b5 8. g4 Nbd7 9. Bg2 Nb6 10. b3 h5 11. g5 Nfd7 12. h4 c5 13. 0-0 b4 14. Nd1 Ba6 15. Rf2 0-0 16. Nb2 Rac8 17. Nd3 e5 18. d5 Nxd5 19. exd5 e4 20. Rd1 exd3 21. cxd3 Rfe8 22. f4 Re7 23. f5 gxf5 24. Ng3 f4 25. Bxf4 Bc3 26. Qc2 Rce8 27. Be4 Ne5 28. Nxh5 Bd4 29. Nf6+ Kh8 30. Kh1 Bc8 31. Rg2 1-0

[Event "Vladivostok Russian Cup"]
[Site "Vladivostok"]
[Date "2012.09.20"]
[Round "4"]
[White "Sukhareva, Evgenia"]
[Black "Chkhan, Viktoria"]
[Result "1-0"]
[WhiteElo "2268"]
[BlackElo "2031"]
[PlyCount "63"]
[EventDate "2012.09.17"]
[EventType "swiss"]
[EventRounds "9"]
[EventCountry "RUS"]
[SourceTitle "CBM 150 Extra"]
[Source "ChessBase"]
[SourceDate "2012.10.19"]
[SourceVersion "1"]
[SourceVersionDate "2012.10.19"]
[SourceQuality "1"]

1. d4 d5 2. Nf3 e6 3. c4 c6 4. Qc2 Nf6 5. Bg5 Nbd7 6. e3 Be7 7. Nc3 0-0 8. Rd1 b6 9. Be2 Bb7 10. 0-0 Rc8 11. Qb1 Qc7 12. b4 dxc4 13. Bxc4 Bd6 14. Bd3 h6 15. Bh4 c5 16. Nb5 Qb8 17. Nxd6 Qxd6 18. dxc5 Qb8 19. cxb6 axb6 20. e4 Qa8 21. Rfe1 Rc3 22. Bb5 Nb8 23. Qb2 Rfc8 24. Bxf6 gxf6 25. Rd8+ Kg7 26. Rxc8 Rxc8 27. Nd2 Rd8 28. Re3 e5 29. Ra3 Rxd2 30. Rg3+ Kh7 31. Qxd2 Bxe4 32. Rh3 1-0

[Event "Petropavlovsk Kamchatsky-ch"]
[Site "Petropavlovsk Kamchatsky"]
[Date "2010.12.26"]
[Round "9"]
[White "Chkhan, Viktoria"]
[Black "Sutormin, Danila"]
[Result "1/2-1/2"]
[WhiteElo "1982"]
[BlackElo "1999"]
[PlyCount "53"]
[EventDate "2010.12.12"]
[EventType "swiss"]
[EventRounds "9"]
[EventCountry "RUS"]
[SourceTitle "EXT 2022"]
[Source "ChessBase"]
[SourceDate "2021.10.06"]
[SourceVersion "1"]
[SourceVersionDate "2021.10.06"]
[SourceQuality "1"]

1. d4 d6 2. e4 Nf6 3. Nc3 e5 4. Nf3 Nbd7 5. Bc4 Be7 6. 0-0 0-0 7. Re1 c6 8. a4 Qc7 9. h3 a5 10. Be3 h6 11. Nd2 Re8 12. Bf1 Nf8 13. Nc4 N8d7 14. f4 Nxe4 15. Nxe4 d5 16. fxe5 dxe4 17. Qh5 Nb6 18. Nxb6 Qxb6 19. Bc4 Rf8 20. Qg6 Qxb2 21. Qxe4 Bg5 22. Bxg5 hxg5 23. Bb3 Be6 24. Rab1 Qc3 25. Bxe6 fxe6 26. Rb3 Qd2 27. Re2 1/2-1/2

[Event "Petropavlovsk Kamchatsky-ch"]
[Site "Petropavlovsk Kamchatsky"]
[Date "2010.12.22"]
[Round "7"]
[White "Chernih, Nikolay"]
[Black "Chkhan, Viktoria"]
[Result "1-0"]
[WhiteElo "2112"]
[BlackElo "1982"]
[PlyCount "70"]
[EventDate "2010.12.12"]
[EventType "swiss"]
[EventRounds "9"]
[EventCountry "RUS"]
[SourceTitle "EXT 2022"]
[Source "ChessBase"]
[SourceDate "2021.10.06"]
[SourceVersion "1"]
[SourceVersionDate "2021.10.06"]
[SourceQuality "1"]

1. e4 e6 2. c4 d5 3. cxd5 exd5 4. exd5 Nf6 5. Bb5+ Bd7 6. Bc4 b5 7. Bb3 Bc8 8. Qe2+ Qe7 9. a3 Nbd7 10. Nc3 a6 11. d4 Bb7 12. Nh3 Nb6 13. Be3 g6 14. 0-0 Bg7 15. Qf3 0-0 16. Rfe1 Qd7 17. Nf4 Qf5 18. Rac1 Rad8 19. Bc2 Qc8 20. Bb3 Qf5 21. h3 Ba8 22. Red1 Qd7 23. Qg3 Qd6 24. h4 h5 25. Nxg6 fxg6 26. Bf4 Qd7 27. Bxc7 Nbxd5 28. Bxd8 Rxd8 29. Qxg6 Qg4 30. Nxd5 Qxg6 31. Ne7+ Kh7 32. Nxg6 Kxg6 33. Rc5 Ne4 34. Bc2 Kh6 35. Rc7 Bxd4 1-0

[Event "Petropavlovsk Kamchatsky-ch"]
[Site "Petropavlovsk Kamchatsky"]
[Date "2010.12.17"]
[Round "4"]
[White "Chkhan, Viktoria"]
[Black "Bogdanovskiy, Maksim"]
[Result "1-0"]
[WhiteElo "1982"]
[BlackElo "1967"]
[PlyCount "51"]
[EventDate "2010.12.12"]
[EventType "swiss"]
[EventRounds "9"]
[EventCountry "RUS"]
[SourceTitle "EXT 2022"]
[Source "ChessBase"]
[SourceDate "2021.10.06"]
[SourceVersion "1"]
[SourceVersionDate "2021.10.06"]
[SourceQuality "1"]

1. d4 d5 2. c4 c6 3. e3 Nf6 4. Nc3 a6 5. a4 g6 6. Nf3 Bg4 7. Qb3 Ra7 8. Be2 Bg7 9. h3 Bf5 10. Bd2 0-0 11. a5 Ne4 12. cxd5 Nxc3 13. bxc3 cxd5 14. 0-0 Nc6 15. c4 dxc4 16. Bxc4 e5 17. e4 Bxe4 18. Ng5 Nxd4 19. Qb6 Bxg2 20. Kxg2 Qxb6 21. axb6 Raa8 22. Bb4 Nc2 23. Bxf8 Nxa1 24. Bd6 Nc2 25. Bxf7+ Kh8 26. Bd5 1-0

[Event "Wch U16 Girls"]
[Site "Porto Carras"]
[Date "2010.10.21"]
[Round "2"]
[White "Saranya, J."]
[Black "Chkhan, Viktoria"]
[Result "1-0"]
[WhiteElo "2121"]
[BlackElo "1982"]
[PlyCount "105"]
[EventDate "2010.10.20"]
[EventType "swiss"]
[EventRounds "11"]
[EventCountry "GRE"]
[SourceTitle "EXT 2011"]
[Source "ChessBase"]
[SourceDate "2010.11.26"]
[SourceVersion "1"]
[SourceVersionDate "2010.11.26"]
[SourceQuality "1"]

1. e4 e6 2. Nf3 d5 3. Nc3 Nf6 4. e5 Nfd7 5. d4 c5 6. dxc5 Bxc5 7. Bd3 f6 8. exf6 Nxf6 9. Bf4 Nc6 10. 0-0 0-0 11. Ne5 Bd6 12. Qe2 Ne4 13. Nxc6 bxc6 14. Bxd6 Nxd6 15. Rae1 Rf6 16. Kh1 c5 17. b3 Bd7 18. f4 Qf8 19. Qf2 Rc8 20. Qh4 Rh6 21. Qg5 Qf6 22. Qxf6 Rxf6 23. Be2 c4 24. b4 d4 25. Bf3 dxc3 26. Rd1 Ba4 27. Rxd6 Bxc2 28. Rc1 Bd3 29. Rxc3 Rb8 30. a3 a5 31. Kg1 axb4 32. axb4 Rxb4 33. Kf2 Kf7 34. Rd7+ Kg6 35. Ra3 Kh6 36. Ke3 g5 37. fxg5+ Kxg5 38. g3 Bg6 39. h4+ Kh6 40. g4 Rxf3+ 41. Kxf3 Rb3+ 42. Rxb3 cxb3 43. Rb7 Bc2 44. Kf4 Kg6 45. Ke5 Bd1 46. Rb4 Kf7 47. h5 Kg7 48. Kf4 Kf6 49. g5+ Kg7 50. Rb7+ Kg8 51. h6 Bc2 52. Ke5 Bf5 53. Kf6 1-0